[Event "Canada vs. Germany"]
[Site "CCCA"]
[Date "2016.04.25"]
[Round "2"]
[White "Wilshusen, Horst"]
[Black "Selby, Robin"]
[Result "1-0"]
[WhiteElo "1640"]
[BlackElo "1329"]
[EventDate "2016.04.25"]
[Board "39"]
[WhiteTeam "Germany"]
[BlackTeam "Canada"]

1.Nf3 d5 2.e3 Nc6 3.Bb5 g6 4.Nc3 Bg7 5.d4 Nf6 6.Ne5 O-O 7.Nxc6 bxc6 8.Bxc6
Rb8 9.Bb5 Bh6 10.Be2 Re8 11.b3 e5 12.Bb2 e4 13.Ba3 Rb6 14.Bc5 Rb7 15.h4 
Re6 16.g4 Bg7 17.g5 Nd7 18.Na4 Nb6 19.Nc3 Nd7 20.Na4 f6 21.Rg1 f5 22.h5 c6
23.c3 h6 24.gxh6 Bxh6 25.hxg6 Qf6 26.Kd2 Qg7 27.b4 Rxg6 28.Bd6 Nf8 29.Be5 
Qf7 30.Nc5 Bg7 31.Bh5 Re7 32.Bxg6 Qxg6 33.Rxg6 Nxg6 34.Bxg7 Rxg7 35.Qh5 
Kf7 36.Rg1 a6 37.Qg5 Ne7 38.Qxg7+ Ke8 39.Rh1 a5 40.Rh8+ 1-0

[Event "Canada vs. Germany"]
[Site "CCCA"]
[Date "2016.04.25"]
[Round "1"]
[White "Selby, Robin"]
[Black "Wilshusen, Horst"]
[Result "0-1"]
[WhiteElo "1329"]
[BlackElo "1640"]
[EventDate "2016.04.25"]
[Board "39"]
[WhiteTeam "Canada"]
[BlackTeam "Germany"]

1.e4 e5 2.Nf3 Nc6 3.Nc3 Nf6 4.Bc4 Nxe4 5.O-O Nxc3 6.bxc3 Be7 7.Re1 d5 8.
Bb3 f6 9.d3 Be6 10.h3 Qd7 11.Nh2 h5 12.Ba4 Kf7 13.Rb1 Rab8 14.Re3 a6 15.
Rf3 b5 16.Bb3 Na5 17.Bd2 Bd6 18.Qe2 Nxb3 19.Rxb3 c5 20.a3 Qc6 21.g4 Ke7 
22.Rg3 hxg4 23.Nxg4 Rh7 24.Qf1 c4 25.dxc4 dxc4 26.Rb1 Rbh8 27.Re1 Bxg4 28.
Qg2 Qxg2+ 29.Rxg2 Bf3 30.Rg3 Rxh3 31.Rxh3 Rxh3 32.Bc1 Rh1# 0-1

[Event "Canada vs. Germany"]
[Site "CCCA"]
[Date "2016.04.25"]
[Round "2"]
[White "Höppenstein, Michael"]
[Black "Morley, Paul"]
[Result "1/2-1/2"]
[WhiteElo "2355"]
[BlackElo "2356"]
[EventDate "2016.04.25"]
[Board "2"]
[WhiteTeam "Germany"]
[BlackTeam "Canada"]

1.d4 d5 2.c4 dxc4 3.Nf3 Nf6 4.e3 e6 5.Bxc4 c5 6.O-O a6 7.a4 Nc6 8.Nc3 Be7 
9.Qe2 cxd4 10.Rd1 e5 11.exd4 exd4 12.Nxd4 Nxd4 13.Qe3 O-O 14.Rxd4 Qc7 15.
Qf4 Qxf4 16.Bxf4 Be6 17.Bxe6 fxe6 18.Bd6 Rfd8 19.Rad1 Kf7 20.Kf1 Bxd6 21.
Rxd6 Nd5 22.Rxd8 Rxd8 23.Nxd5 1/2-1/2

[Event "Canada vs. Germany"]
[Site "CCCA"]
[Date "2016.04.25"]
[Round "1"]
[White "Morley, Paul"]
[Black "Höppenstein, Michael"]
[Result "1/2-1/2"]
[WhiteElo "2356"]
[BlackElo "2355"]
[EventDate "2016.04.25"]
[Board "2"]
[WhiteTeam "Canada"]
[BlackTeam "Germany"]

1.c4 c5 2.Nc3 Nc6 3.Nf3 e5 4.g3 g6 5.Bg2 Bg7 6.O-O d6 7.d3 Nge7 8.Rb1 Rb8 
9.a3 b6 10.b4 O-O 11.e3 a6 12.Nd2 cxb4 13.axb4 b5 14.Nde4 Be6 15.Qe2 bxc4 
16.dxc4 Rxb4 17.Rxb4 Nxb4 18.Rd1 Qc7 19.Nxd6 Rd8 20.Nce4 f5 21.Ba3 a5 22.
Nb5 Rxd1+ 23.Qxd1 Qd7 24.Qxd7 Bxd7 25.Nc5 Bc6 26.Nb3 Bxg2 27.Nxa5 Nbc6 28.
Nxc6 Bxc6 29.Bxe7 Kf7 30.Bb4 Bf3 1/2-1/2

[Event "Canada vs. Germany"]
[Site "CCCA"]
[Date "2016.04.25"]
[Round "2"]
[White "Krabbe, Wolf-Dieter"]
[Black "Sadler, Craig"]
[Result "1/2-1/2"]
[WhiteElo "2330"]
[BlackElo "2315"]
[EventDate "2016.04.25"]
[Board "4"]
[WhiteTeam "Germany"]
[BlackTeam "Canada"]

1.e4 c6 2.Nf3 d5 3.Nc3 Bg4 4.h3 Bxf3 5.Qxf3 e6 6.d4 dxe4 7.Qxe4 Nf6 8.Qd3 
Bd6 9.g3 O-O 10.Bg2 Nbd7 11.O-O Re8 12.Re1 Qc7 13.a3 e5 14.Be3 Rad8 15.
Rad1 exd4 16.Bxd4 Be5 17.Ne4 Nxe4 18.Bxe5 Nxe5 19.Qxe4 Rxd1 20.Rxd1 Re7 
21.c4 f6 22.c5 Rd7 23.Rxd7 Qxd7 24.f4 Nf7 25.Bf1 g6 26.Qd3 Qe6 27.Kg2 Kg7 
1/2-1/2

[Event "Canada vs. Germany"]
[Site "CCCA"]
[Date "2016.04.25"]
[Round "1"]
[White "Sadler, Craig"]
[Black "Krabbe, Wolf-Dieter"]
[Result "1/2-1/2"]
[WhiteElo "2315"]
[BlackElo "2330"]
[EventDate "2016.04.25"]
[Board "4"]
[WhiteTeam "Canada"]
[BlackTeam "Germany"]

1.g3 d5 2.Nf3 g6 3.Bg2 Bg7 4.d4 Nf6 5.c4 c6 6.cxd5 cxd5 7.O-O O-O 8.Nc3 
Nc6 9.Ne5 Bf5 10.Bf4 Rc8 11.Nxc6 bxc6 12.Rc1 Re8 13.h3 h5 14.Na4 Nd7 15.b3
e5 16.dxe5 Nxe5 17.Qd2 Nd7 18.e4 Bxe4 19.Rfe1 Bxg2 20.Rxe8+ Qxe8 21.Kxg2 
Qe4+ 22.f3 Qd4 23.Qe3 Qxe3 24.Bxe3 d4 25.Bf2 c5 26.Kf1 Kf8 27.Nb2 Nb6 28.
Nd3 c4 29.bxc4 Rxc4 30.Rxc4 Nxc4 31.Nc1 Ke7 32.Nb3 d3 33.Bxa7 Kd6 34.Kf2 
Kc6 35.Bc5 h4 36.gxh4 Bf6 37.Ke1 Bxh4+ 38.Kd1 Bf6 39.Bb4 Bb2 40.Nc5 
1/2-1/2

[Event "Canada vs. Germany"]
[Site "CCCA"]
[Date "2016.04.25"]
[Round "2"]
[White "Sciurti, Domenico"]
[Black "Giroux, Marc"]
[Result "1/2-1/2"]
[WhiteElo "2181"]
[BlackElo "2142"]
[EventDate "2016.04.25"]
[Board "17"]
[WhiteTeam "Germany"]
[BlackTeam "Canada"]

1.d4 d5 2.c4 c6 3.Nf3 Nf6 4.Nc3 dxc4 5.a4 Bf5 6.e3 e6 7.Bxc4 Bb4 8.O-O O-O
9.Qe2 h6 10.e4 Bg6 11.e5 Nd5 12.Bd2 Qe7 13.a5 Bxc3 14.Bxc3 Rd8 15.Rfc1 Na6
16.Bxa6 bxa6 17.Qxa6 Nf4 18.Ne1 1/2-1/2

[Event "Canada vs. Germany"]
[Site "CCCA"]
[Date "2016.04.25"]
[Round "1"]
[White "Giroux, Marc"]
[Black "Sciurti, Domenico"]
[Result "1/2-1/2"]
[WhiteElo "2142"]
[BlackElo "2181"]
[EventDate "2016.04.25"]
[Board "17"]
[WhiteTeam "Canada"]
[BlackTeam "Germany"]

1.e4 c5 2.Nf3 Nc6 3.Nc3 e5 4.Nd5 Be7 5.Bc4 d6 6.O-O Nf6 7.Re1 O-O 8.c3 Bd7
9.d3 Nxd5 10.Bxd5 Bf6 11.h3 Qc7 12.Nh2 Rac8 13.Qh5 Ne7 14.Bb3 Ng6 15.a4 
Be6 1/2-1/2

[Event "Canada vs. Germany"]
[Site "CCCA"]
[Date "2016.04.25"]
[Round "2"]
[White "Schwenk, Heinrich"]
[Black "Green, Peter"]
[Result "1/2-1/2"]
[WhiteElo "2149"]
[BlackElo "2077"]
[EventDate "2016.04.25"]
[Board "19"]
[WhiteTeam "Germany"]
[BlackTeam "Canada"]

1.d4 Nf6 2.c4 g6 3.Nc3 Bg7 4.e4 d6 5.f3 O-O 6.Be3 c5 7.dxc5 dxc5 8.Qxd8 
Rxd8 9.Bxc5 Nc6 10.Be3 b6 11.Rc1 Nd7 12.Nh3 Nc5 13.Nf4 e6 14.Be2 Ba6 15.
Kf2 Nb4 16.h4 Bf6 17.g3 Ncd3+ 18.Nxd3 Nxd3+ 19.Bxd3 Rxd3 20.Nd1 Rad8 21.
Re1 h5 22.b3 b5 23.c5 b4 24.c6 Kg7 25.f4 Rc8 26.e5 Be7 27.Re2 Rc7 28.Rec2 
f6 29.Bc5 Bxc5+ 30.Rxc5 fxe5 31.Rxe5 Rd2+ 32.Kg1 Rxa2 33.Rxe6 Bc8 34.Re4 
Rd2 35.Ne3 a5 36.Re5 Rd6 37.Kf2 Be6 38.Rxa5 Rdxc6 39.Rxc6 Rxc6 40.Ra4 Bxb3
41.Rxb4 Be6 42.Kf3 Ra6 43.Ke4 Kf6 44.Rb2 Ra5 45.Rb6 Ra4+ 46.Kf3 Kf7 47.
Rb7+ Kf6 48.Rb6 Kf7 49.Rb7+ Kf6 50.Rc7 Ra3 51.Ke2 Rb3 52.Kf3 Ra3 53.Rc6 
Rb3 54.Ke4 Rb4+ 55.Kf3 Rb3 56.Ke4 Rb4+ 57.Kd3 1/2-1/2

[Event "Canada vs. Germany"]
[Site "CCCA"]
[Date "2016.04.25"]
[Round "1"]
[White "Green, Peter"]
[Black "Schwenk, Heinrich"]
[Result "0-1"]
[WhiteElo "2077"]
[BlackElo "2149"]
[EventDate "2016.04.25"]
[Board "19"]
[WhiteTeam "Canada"]
[BlackTeam "Germany"]

1.e4 e5 2.Nf3 Nc6 3.Bc4 Nf6 4.Ng5 d5 5.exd5 Na5 6.Bb5+ c6 7.dxc6 bxc6 8.
Be2 h6 9.Nh3 Bc5 10.d3 O-O 11.O-O Qc7 12.Nc3 Rb8 13.Kh1 Nb7 14.Bf3 Nd8 15.
Ng1 Ne6 16.b3 Nd4 17.Be3 Be7 18.Ne4 Nxe4 19.Bxe4 f5 20.Bf3 Rd8 21.Bd2 c5 
22.Rc1 Kh7 23.Qe1 Qd6 24.c4 Bf6 25.Bd5 Be6 26.Bxe6 Nxe6 27.Nf3 Re8 28.Rd1 
Rbd8 29.Be3 g5 30.Bc1 Kg6 31.Ng1 Re7 32.Ne2 Nf4 33.Bxf4 exf4 34.Qd2 Qe5 
35.Rfe1 Rde8 36.Kg1 Qxe2 0-1

[Event "Canada vs. Germany"]
[Site "CCCA"]
[Date "2016.04.25"]
[Round "2"]
[White "Seifert, Harald"]
[Black "Rosenhek, Marvin"]
[Result "1-0"]
[WhiteElo "2104"]
[BlackElo "2048"]
[EventDate "2016.04.25"]
[Board "21"]
[WhiteTeam "Germany"]
[BlackTeam "Canada"]

1.c4 Nf6 2.g3 g6 3.Bg2 Bg7 4.Nc3 O-O 5.e4 c5 6.Nge2 Nc6 7.O-O d6 8.d3 a6 
9.h3 Rb8 10.a4 Ne8 11.Be3 Nd4 12.Rb1 Bd7 13.b4 b6 14.b5 a5 15.Qc1 Nc7 16.
Bh6 e5 17.Bxg7 Kxg7 18.f4 f6 19.Qd2 Qe7 20.Rf2 Kg8 21.Rbf1 Qg7 22.f5 Rf7 
23.Nxd4 exd4 24.Ne2 Rbf8 25.Nf4 Bc8 26.Qd1 g5 27.Nh5 Qh6 28.h4 Rd8 29.hxg5
fxg5 30.Bf3 Ne8 31.Qc1 Kh8 32.Rh2 1-0

[Event "Canada vs. Germany"]
[Site "CCCA"]
[Date "2016.04.25"]
[Round "1"]
[White "Rosenhek, Marvin"]
[Black "Seifert, Harald"]
[Result "1/2-1/2"]
[WhiteElo "2048"]
[BlackElo "2104"]
[EventDate "2016.04.25"]
[Board "21"]
[WhiteTeam "Canada"]
[BlackTeam "Germany"]

1.Nf3 Nf6 2.c4 g6 3.Nc3 Bg7 4.e4 d6 5.d4 O-O 6.Be2 e5 7.O-O Nc6 8.d5 Ne7 
9.Bd2 Ne8 10.Rc1 f5 11.Ng5 Nf6 12.f3 c6 13.Be3 c5 14.Qd2 f4 15.Bf2 h6 16.
Ne6 Bxe6 17.dxe6 Nc6 18.Nd5 Re8 19.e7 Nxe7 20.b4 Nexd5 21.cxd5 b6 22.Bb5 
Rf8 23.a4 Rb8 24.Rb1 g5 25.Rb3 g4 26.Qd3 gxf3 27.Qxf3 Qc8 28.Rfb1 Ng4 29.
Bh4 cxb4 30.Rxb4 Qc5+ 31.Kh1 Ne3 1/2-1/2

[Event "Canada vs. Germany"]
[Site "CCCA"]
[Date "2016.04.25"]
[Round "2"]
[White "Pibernik, Dario"]
[Black "Paul, Michael"]
[Result "1-0"]
[WhiteElo "1702"]
[BlackElo "1641"]
[EventDate "2016.04.25"]
[Board "36"]
[WhiteTeam "Germany"]
[BlackTeam "Canada"]

1.d4 d5 2.c4 dxc4 3.Nc3 a6 4.Qa4+ b5 5.Qc2 Qxd4 6.Be3 Qd8 7.Rd1 Bd7 8.g3 
e6 9.Bg2 c6 10.Nf3 Nf6 11.Ne5 Nd5 12.Qe4 f5 13.Qd4 c5 14.Qd2 Ra7 15.Nxd5 
exd5 16.Bxd5 Qc8 17.Bf7+ Kd8 18.Bg5+ Be7 19.Bxe7+ Kxe7 20.Qd6+ Kd8 21.Qb6+
Qc7 22.Rxd7+ Nxd7 23.Nc6+ Kc8 24.Nxa7+ Kd8 25.Nc6+ Kc8 26.Qxa6+ Qb7 27.
Ne7+ Kc7 28.Nd5+ Kb8 29.Qd6+ Ka7 30.Be6 g6 31.Bxd7 Rd8 32.Qxc5+ Kb8 33.Bc6
1-0

[Event "Canada vs. Germany"]
[Site "CCCA"]
[Date "2016.04.25"]
[Round "1"]
[White "Paul, Michael"]
[Black "Pibernik, Dario"]
[Result "1-0"]
[WhiteElo "1641"]
[BlackElo "1702"]
[EventDate "2016.04.25"]
[Board "36"]
[WhiteTeam "Canada"]
[BlackTeam "Germany"]

1.e4 c5 2.d4 cxd4 3.c3 d5 4.Qxd4 Nf6 5.e5 Nc6 6.Bb5 Ng4 7.Nf3 a6 8.Bxc6+ 
bxc6 9.O-O g6 10.h3 h5 11.hxg4 hxg4 12.e6 f6 13.Qxg4 Qc7 14.Qxg6+ Kd8 15.
Qf5 Qb6 16.Nbd2 a5 17.b3 Qc5 18.Ne4 1-0

[Event "Canada vs. Germany"]
[Site "CCCA"]
[Date "2016.04.25"]
[Round "2"]
[White "Gnilka, Thomas"]
[Black "Akwei, Loving"]
[Result "1/2-1/2"]
[WhiteElo "2279"]
[BlackElo "2258"]
[EventDate "2016.04.25"]
[Board "9"]
[WhiteTeam "Germany"]
[BlackTeam "Canada"]

1.e4 e5 2.Nc3 Nf6 3.Bc4 Bc5 4.f4 d6 5.Nf3 O-O 6.d3 a5 7.fxe5 dxe5 8.a3 a4 
9.Bg5 h6 10.Bh4 Nbd7 11.Qd2 c6 12.Bf2 Bxf2+ 13.Qxf2 Re8 14.O-O Nf8 15.Nh4 
b5 16.Ba2 Rb8 17.Ne2 Rb7 18.Kh1 Be6 19.Bxe6 Nxe6 20.Rac1 Nh7 21.Nf5 f6 22.
Qf3 Kh8 23.Qh5 Rd7 24.Nh4 Nhf8 25.Rf2 Ree7 26.Qg4 Rb7 27.Rcf1 b4 28.axb4 
Rxb4 29.Nc3 Rxb2 30.Nxa4 Rb8 31.Nc3 Nd4 32.Nd1 Qd7 33.Qg3 Qe8 34.Ne3 Reb7 
35.Nhf5 Nxf5 36.Nxf5 Qh5 37.c3 Qg6 38.Qxg6 Nxg6 39.g3 1/2-1/2

[Event "Canada vs. Germany"]
[Site "CCCA"]
[Date "2016.04.25"]
[Round "1"]
[White "Akwei, Loving"]
[Black "Gnilka, Thomas"]
[Result "1/2-1/2"]
[WhiteElo "2258"]
[BlackElo "2279"]
[EventDate "2016.04.25"]
[Board "9"]
[WhiteTeam "Canada"]
[BlackTeam "Germany"]

1.e4 e5 2.Nf3 Nc6 3.Bc4 Bc5 4.c3 Nf6 5.d3 a5 6.O-O d6 7.h3 O-O 8.Bg5 h6 9.
Bh4 Rb8 10.a4 g5 11.Bg3 Nh5 12.Kh1 Nxg3+ 13.fxg3 g4 14.Nh4 Qg5 15.Kh2 Ne7 
16.d4 Bb6 17.Na3 exd4 18.cxd4 Qg7 19.Nb5 Bd7 20.Rf4 Kh8 21.Qb3 d5 22.Bxd5 
gxh3 23.Nd6 Be6 24.Nxf7+ Rxf7 25.Bxe6 Rxf4 26.gxf4 hxg2 27.Nxg2 Bxd4 28.
Rd1 c5 29.Qh3 Ng6 30.Kh1 Rf8 31.Qh2 Ne7 32.Rd3 Rf6 33.f5 Qg4 34.Nf4 h5 35.
Qxh5+ Qxh5+ 36.Nxh5 Rh6 37.Rh3 Ng8 38.Kg2 Nf6 39.Nxf6 Rxh3 40.Kxh3 Bxf6 
41.Kg4 Be5 42.b3 Kg7 43.Kg5 b6 44.Bc4 Bc3 45.Kg4 Kf6 46.Kf4 Bd2+ 47.Kf3 
Ke5 48.Ke2 Bg5 49.Kd3 Bf6 50.Bd5 Kd6 51.Kc4 Be5 52.Kb5 Kc7 53.Bc6 Bd4 54.
Bd5 1/2-1/2

[Event "Canada vs. Germany"]
[Site "CCCA"]
[Date "2016.04.25"]
[Round "2"]
[White "Metelmann, Klaus"]
[Black "Maurer, Serge"]
[Result "0-1"]
[WhiteElo "2227"]
[BlackElo "2245"]
[EventDate "2016.04.25"]
[Board "12"]
[WhiteTeam "Germany"]
[BlackTeam "Canada"]
[Termination "abandoned"]

1.e4 c5 2.Nc3 Nc6 3.Bb5 g6 4.d3 Bg7 5.Nf3 Nf6 6.e5 Ng4 7.Bxc6 bxc6 8.Qe2 
O-O 9.O-O d6 10.Bf4 dxe5 11.Bxe5 Nxe5 12.Nxe5 Be6 13.Rfe1 Qd6 14.Qe3 Rab8 
0-1

[Event "Canada vs. Germany"]
[Site "CCCA"]
[Date "2016.04.25"]
[Round "1"]
[White "Maurer, Serge"]
[Black "Metelmann, Klaus"]
[Result "1-0"]
[WhiteElo "2245"]
[BlackElo "2227"]
[EventDate "2016.04.25"]
[Board "12"]
[WhiteTeam "Canada"]
[BlackTeam "Germany"]
[Termination "abandoned"]

1.d4 Nf6 2.c4 e6 3.g3 d5 4.Bg2 Nc6 5.Nf3 dxc4 6.Qa4 Bb4+ 7.Bd2 Nd5 8.Bxb4 
Nxb4 9.O-O Rb8 10.Na3 a6 11.Ne5 O-O 12.Nxc6 Nxc6 13.Bxc6 bxc6 14.Nxc4 1-0

[Event "Canada vs. Germany"]
[Site "CCCA"]
[Date "2016.04.25"]
[Round "2"]
[White "Blösl, Sven"]
[Black "Thompson, Edward"]
[Result "1-0"]
[WhiteElo "2010"]
[BlackElo "1972"]
[EventDate "2016.04.25"]
[Board "26"]
[WhiteTeam "Germany"]
[BlackTeam "Canada"]

1.e4 d6 2.d4 g6 3.Nc3 Nf6 4.Be3 c6 5.h3 Nbd7 6.f4 b5 7.a3 Nb6 8.Nf3 d5 9.
e5 Nh5 10.Kf2 Ng7 11.b3 Nf5 12.Bd2 a5 13.g4 Ng7 14.Bd3 Bd7 15.a4 b4 16.Ne2
h5 17.Ng5 Qc8 18.Qg1 Ra7 19.Rc1 Rc7 20.c3 bxc3 21.Rxc3 hxg4 22.hxg4 Rxh1 
23.Qxh1 Bxg4 24.Qh8 Bxe2 25.Bxe2 f6 26.Nh7 1-0

[Event "Canada vs. Germany"]
[Site "CCCA"]
[Date "2016.04.25"]
[Round "1"]
[White "Thompson, Edward"]
[Black "Blösl, Sven"]
[Result "1/2-1/2"]
[WhiteElo "1972"]
[BlackElo "2010"]
[EventDate "2016.04.25"]
[Board "26"]
[WhiteTeam "Canada"]
[BlackTeam "Germany"]

1.Nf3 Nf6 2.d4 g6 3.c4 Bg7 4.g3 c5 5.Bg2 O-O 6.Nc3 d5 7.dxc5 Qa5 8.O-O 
dxc4 9.Qd4 Nc6 10.Qxc4 Be6 11.Qb5 Qxb5 12.Nxb5 Rad8 13.Re1 Nd5 14.Ng5 Bg4 
15.h3 Bc8 16.Rd1 a6 17.Bxd5 axb5 18.Kg2 Nd4 19.Bxf7+ Rxf7 20.Nxf7 Kxf7 21.
e3 Ne6 22.Rxd8 Nxd8 23.Bd2 Bd7 24.Rd1 Bxb2 25.Bc1 Bc6+ 26.f3 Bxc1 27.Rxc1 
Bd7 28.e4 Nc6 29.Rb1 Ne5 30.Rb3 Bc6 31.h4 e6 32.Kf2 Nd7 33.Rc3 e5 34.Rc1 
Kf6 35.Ke3 h6 36.Rc2 Nb8 37.Rc1 Na6 38.Rc3 Nb4 39.a3 Na6 40.Rc1 Kf7 41.Rc2
Nc7 42.Rc1 Ne6 43.Rc3 Ke7 44.Rc2 Kf6 45.Rc1 Ng7 46.Rd1 Kf7 47.Rf1 Nh5 48.
Rg1 g5 49.hxg5 hxg5 50.Rf1 Kg6 51.g4 Nf4 1/2-1/2

[Event "Canada vs. Germany"]
[Site "CCCA"]
[Date "2016.04.25"]
[Round "2"]
[White "Hirsch, Hanns-Rainer"]
[Black "Allenby, Ed"]
[Result "1-0"]
[WhiteElo "1981"]
[BlackElo "1867"]
[EventDate "2016.04.25"]
[Board "27"]
[WhiteTeam "Germany"]
[BlackTeam "Canada"]

1.e4 c5 2.Nc3 Nc6 3.g3 g6 4.Bg2 Bg7 5.d3 d6 6.f4 e6 7.Nf3 Nge7 8.O-O O-O 
9.Be3 Nd4 10.e5 Nef5 11.Bf2 Qb6 12.Ne4 Nxf3+ 13.Bxf3 Qxb2 14.a4 Qb6 15.g4 
Nd4 16.Nxd6 f6 17.Bxd4 cxd4 18.a5 Qa6 19.Qe2 fxe5 20.fxe5 Rb8 21.Rfb1 Rd8 
22.Qg2 b5 23.axb6 Rxb6 24.Rf1 Rbxd6 25.Rxa6 Rxa6 26.Qd2 Rf8 27.Qb4 Bxe5 
28.Be4 Bxh2+ 29.Kg2 Rxf1 30.Kxf1 Bd7 31.Qe7 Rd6 32.Qd8+ Kg7 33.Qg5 Kf7 34.
Kg2 1-0

[Event "Canada vs. Germany"]
[Site "CCCA"]
[Date "2016.04.25"]
[Round "1"]
[White "Allenby, Ed"]
[Black "Hirsch, Hanns-Rainer"]
[Result "0-1"]
[WhiteElo "1867"]
[BlackElo "1981"]
[EventDate "2016.04.25"]
[Board "27"]
[WhiteTeam "Canada"]
[BlackTeam "Germany"]

1.c4 e5 2.Nc3 Nf6 3.g3 Bb4 4.Bg2 O-O 5.d3 c6 6.Bd2 Re8 7.Nf3 d5 8.O-O dxc4
9.dxc4 h6 10.Ne4 Be7 11.Qc2 Nxe4 12.Qxe4 f5 13.Qc2 e4 14.Ne5 Qd6 15.f4 Nd7
16.Bc3 Qc5+ 17.Kh1 Nxe5 18.Bxe5 Bd6 19.Bxd6 Qxd6 20.Rad1 Qc5 21.Qc3 b5 22.
Rd4 Be6 23.Rfd1 bxc4 24.g4 fxg4 25.Bxe4 Rab8 26.Bg6 Rf8 27.e3 Qe7 28.Be4 
c5 29.R4d2 Bf7 30.Bg2 Rfd8 31.e4 Rxd2 32.Rxd2 Rd8 33.Kg1 Rxd2 34.Qxd2 Qf6 
35.e5 Qf5 36.Bf1 Qe4 37.b3 Kh7 38.Bxc4 Bxc4 39.bxc4 Qxc4 40.Qe1 Kg8 41.e6 
Qd4+ 42.Kg2 Kf8 43.Kg3 Ke7 44.f5 c4 0-1

[Event "Canada vs. Germany"]
[Site "CCCA"]
[Date "2016.04.25"]
[Round "2"]
[White "Homont, René de"]
[Black "Dufour, Michael"]
[Result "1/2-1/2"]
[WhiteElo "2323"]
[BlackElo "2300"]
[EventDate "2016.04.25"]
[Board "5"]
[WhiteTeam "Germany"]
[BlackTeam "Canada"]

1.e4 e5 2.Nf3 Nc6 3.d4 exd4 4.Nxd4 Bc5 5.Nb3 Bb6 6.Nc3 Nf6 7.a4 a6 8.Bd3 
d6 9.O-O Ba7 10.Nd5 Nxd5 11.exd5 Ne5 12.Re1 O-O 13.Be3 Bxe3 14.Rxe3 Bd7 
15.Be2 Ng6 16.Qd4 Qg5 17.Rg3 Qf4 18.Bf1 Rfe8 19.Rc3 Rac8 20.Qa7 Ne5 21.h3 
Qb4 22.a5 c6 23.Rd1 c5 24.Qb6 Qxb6 25.axb6 Bb5 26.Na5 Rb8 27.b4 Nd7 28.
bxc5 Nxc5 29.Bxb5 axb5 30.Rb1 Re5 31.Rxb5 Rxd5 32.Nc4 Rc8 33.g4 g6 34.Kh2 
h6 35.h4 Kf8 36.Nxd6 Rxd6 37.Rbxc5 Rxc5 38.Rxc5 Rxb6 1/2-1/2

[Event "Canada vs. Germany"]
[Site "CCCA"]
[Date "2016.04.25"]
[Round "1"]
[White "Dufour, Michael"]
[Black "Homont, René de"]
[Result "1/2-1/2"]
[WhiteElo "2300"]
[BlackElo "2323"]
[EventDate "2016.04.25"]
[Board "5"]
[WhiteTeam "Canada"]
[BlackTeam "Germany"]

1.e4 c6 2.d4 d5 3.f3 e6 4.Nc3 Nf6 5.e5 Nfd7 6.f4 c5 7.Nf3 Nc6 8.Be3 cxd4 
9.Nxd4 Bc5 10.Qd2 O-O 11.O-O-O a6 12.Nb3 Be7 13.h4 b5 14.h5 Nb6 15.h6 g6 
16.Qf2 Rb8 17.Ne4 Bd7 18.Nf6+ Bxf6 19.exf6 Nc4 20.Bd4 Rc8 21.Bc5 Re8 22.g4
Qxf6 23.Bxc4 bxc4 24.g5 Qd8 25.Bb6 Qe7 26.Bc5 Qd8 1/2-1/2

[Event "Canada vs. Germany"]
[Site "CCCA"]
[Date "2016.04.25"]
[Round "2"]
[White "Knittel, Martin"]
[Black "Taylor, Bob"]
[Result "1/2-1/2"]
[WhiteElo "2188"]
[BlackElo "2154"]
[EventDate "2016.04.25"]
[Board "16"]
[WhiteTeam "Germany"]
[BlackTeam "Canada"]

1.e4 c5 2.Nf3 Nf6 3.e5 Nd5 4.Nc3 Nxc3 5.dxc3 Nc6 6.Bf4 e6 7.Qd2 Qc7 8.
O-O-O b6 9.Kb1 h6 10.h4 Bb7 11.Be2 O-O-O 12.Bh2 Be7 13.h5 Rhg8 14.Rhe1 Bf8
15.g4 Ne7 16.Qd3 g6 17.hxg6 Nxg6 18.Bg3 Kb8 19.c4 Be7 20.Qd2 Bf8 21.Qd3 
Ne7 22.Nh2 Nc6 23.Bf3 Be7 24.c3 Rh8 25.b3 Bg5 26.Nf1 a6 27.Ne3 Ka7 28.Nc2 
Qc8 29.b4 Be7 30.a3 f6 31.exf6 Bxf6 32.Bd6 Be7 33.Bxc6 dxc6 34.bxc5 Bxd6 
35.cxd6 c5 36.Kb2 Rhf8 37.Qg3 Rf6 38.Qh4 Rg6 39.f4 Rd7 40.Qh5 Qg8 41.Ne3 
Qg7 42.Rf1 Bc6 43.Rd2 Kb7 44.Kb3 a5 45.Rff2 Ka6 46.a4 Kb7 47.Rfe2 Rf6 48.
Qe5 Qf8 49.f5 exf5 50.Nxf5 Qf7 51.Ka3 Ka6 52.Re1 Qf8 53.Rb2 Rb7 54.Reb1 
Bd7 55.Ne7 Rf2 56.Rb3 Rd2 57.Qxc5 Qb8 58.Qe5 Qxd6+ 59.Qxd6 Rxd6 60.c5 Re6 
61.Nd5 Rc6 62.cxb6 Be6 63.Nc7+ Rbxc7 64.b7 Rxb7 65.Rxb7 Rxc3+ 66.Kb2 Rc4 
67.Rh7 Bxg4 68.Rxh6+ Ka7 69.Rh7+ Ka6 70.Ka3 Rc3+ 71.Rb3 Rxb3+ 72.Kxb3 
1/2-1/2

[Event "Canada vs. Germany"]
[Site "CCCA"]
[Date "2016.04.25"]
[Round "1"]
[White "Taylor, Bob"]
[Black "Knittel, Martin"]
[Result "1/2-1/2"]
[WhiteElo "2154"]
[BlackElo "2188"]
[EventDate "2016.04.25"]
[Board "16"]
[WhiteTeam "Canada"]
[BlackTeam "Germany"]

1.Nf3 d5 2.c4 d4 3.g3 Nc6 4.Bg2 e5 5.O-O Nf6 6.d3 Bd6 7.e3 O-O 8.exd4 Nxd4
9.Nxd4 exd4 10.Bg5 h6 11.Bxf6 Qxf6 12.Nd2 c6 13.Ne4 Qg6 14.Qb3 Rb8 15.Qa4 
Bc7 16.Qxa7 f5 17.Nd2 f4 18.Qxd4 Bg4 19.Qc3 f3 20.Bh1 Rbd8 21.d4 Qf6 22.
Rac1 Qxd4 23.Nxf3 Qd3 24.Nh4 Rd4 25.Qxd3 Rxd3 26.f3 Bd7 27.f4 g5 28.Ng6 
Rf6 29.Ne5 Bxe5 30.fxe5 1/2-1/2

[Event "Canada vs. Germany"]
[Site "CCCA"]
[Date "2016.04.25"]
[Round "2"]
[White "Elias, Holger"]
[Black "Brun, Jacques L."]
[Result "1-0"]
[WhiteElo "1880"]
[BlackElo "1831"]
[EventDate "2016.04.25"]
[Board "30"]
[WhiteTeam "Germany"]
[BlackTeam "Canada"]

1.d4 g6 2.e4 Bg7 3.Nc3 c5 4.dxc5 Bxc3+ 5.bxc3 Nc6 6.Be3 Qa5 7.Qd2 Nf6 8.f3
O-O 9.c4 Qxd2+ 10.Kxd2 Rd8 11.Kc1 d6 12.cxd6 Rxd6 13.c5 Rd8 14.Rb1 Rb8 15.
Bc4 Ne5 16.Bf4 Nfd7 17.c6 bxc6 18.Rxb8 Nxb8 19.Bxe5 Nd7 20.Bc7 Re8 21.Ne2 
Nb6 22.Bd3 Be6 23.Nd4 c5 24.Nxe6 fxe6 25.Ba6 Kf7 26.Rd1 Kf6 27.Kb2 h6 28.
Kb3 e5 29.a4 Ke6 30.a5 Na8 31.Bd8 1-0

[Event "Canada vs. Germany"]
[Site "CCCA"]
[Date "2016.04.25"]
[Round "1"]
[White "Brun, Jacques L."]
[Black "Elias, Holger"]
[Result "0-1"]
[WhiteElo "1831"]
[BlackElo "1880"]
[EventDate "2016.04.25"]
[Board "30"]
[WhiteTeam "Canada"]
[BlackTeam "Germany"]

1.e4 e6 2.d4 d5 3.Nc3 Nf6 4.Bg5 Be7 5.e5 Nfd7 6.Bxe7 Qxe7 7.f4 O-O 8.Nf3 
c5 9.Ne2 Nc6 10.c3 f6 11.Ng3 cxd4 12.cxd4 g5 13.fxg5 fxe5 14.dxe5 Ndxe5 
15.Be2 Nxf3+ 16.Bxf3 Qxg5 17.O-O Bd7 18.Bg4 Rxf1+ 19.Nxf1 Rf8 20.Rc1 Ne5 
21.Be2 d4 22.Qd2 Rxf1+ 0-1

[Event "Canada vs. Germany"]
[Site "CCCA"]
[Date "2016.04.11"]
[Round "2"]
[White "Schmidt, Torsten (Jessnitz)"]
[Black "de Breyne, Victor"]
[Result "1-0"]
[WhiteElo "2149"]
[BlackElo "2136"]
[EventDate "2016.04.11"]
[Board "2"]
[WhiteTeam "Germany"]
[BlackTeam "Canada"]

1.f4 d5 2.Nf3 g6 3.g3 Bg7 4.Bg2 Nh6 5.O-O O-O 6.d3 d4 7.e4 dxe3 8.Na3 Nf5 
9.c3 c6 10.Qe2 Nd7 11.Nc4 Re8 12.Bxe3 Nxe3 13.Nxe3 e5 14.f5 g5 15.Rad1 h6 
16.Nd2 Nf6 17.Ne4 Nd5 18.Ng4 h5 19.Nh6+ Bxh6 20.Qxh5 Bg7 21.f6 Nxf6 22.
Rxf6 Bxf6 23.Rf1 Bg4 24.Qxg4 Be7 25.Qf5 1-0

[Event "Canada vs. Germany"]
[Site "CCCA"]
[Date "2016.04.11"]
[Round "1"]
[White "de Breyne, Victor"]
[Black "Schmidt, Torsten (Jessnitz)"]
[Result "0-1"]
[WhiteElo "2136"]
[BlackElo "2149"]
[EventDate "2016.04.11"]
[Board "2"]
[WhiteTeam "Canada"]
[BlackTeam "Germany"]

1.e4 d5 2.exd5 Qxd5 3.Nc3 Qa5 4.d4 c6 5.Nf3 Bf5 6.Bc4 Nf6 7.Bd2 e6 8.Qe2 
Bb4 9.O-O Nbd7 10.a3 Bxc3 11.Bxc3 Qc7 12.Ne5 O-O 13.b4 Nd5 14.Bb2 Nxe5 15.
dxe5 a5 16.bxa5 Qxa5 17.Bb3 Rfd8 18.Rfd1 Qc7 19.Qf3 Qb6 20.Rd2 c5 21.Rb1 
Qc6 22.g4 Bg6 23.h4 c4 24.h5 cxb3 25.hxg6 fxg6 26.cxb3 Rf8 27.Qg3 Nf4 28.
Re1 h5 29.gxh5 Rf5 30.Re3 Raf8 31.Qf3 Rg5+ 0-1

[Event "Canada vs. Germany"]
[Site "CCCA"]
[Date "2016.04.11"]
[Round "2"]
[White "Labonté, Richard"]
[Black "Butze, Roland"]
[Result "1/2-1/2"]
[WhiteElo "2406"]
[BlackElo "2483"]
[EventDate "2016.04.11"]
[Board "1"]
[WhiteTeam "Canada"]
[BlackTeam "Germany"]

1.d4 Nf6 2.Nf3 e6 3.c4 b6 4.g3 Ba6 5.b3 Bb4+ 6.Bd2 Be7 7.Bg2 c6 8.Bc3 d5 
9.Nbd2 Nbd7 10.O-O O-O 11.Re1 c5 12.e4 dxc4 13.Nxc4 cxd4 14.Nxd4 Rc8 15.e5
Nd5 16.Bb2 Nc5 17.Nf5 exf5 18.Bxd5 Na4 19.Rb1 Nxb2 20.Rxb2 Bb4 21.Re3 Kh8 
22.Rd3 Qe7 23.Re2 Rcd8 24.e6 fxe6 25.Rxe6 Qc7 26.Rc6 Qe7 27.Re6 Qc7 28.Rc6
1/2-1/2